000
00263nam a22001217a 4500
999
_c
12915
_d
12915
020
_a
9789696622871
082
_a
891.433
100
_a
Chander, Krishan
245
_a
Jab Khet Jaage
260
_a
Pakistan
_b
Book Corner
_c
2020
300
_a
158 pages.
942
_c
BK